| 000 | 00778cam a22002651 4500 | ||
|---|---|---|---|
| 999 |
_c128750 _d128750 |
||
| 001 | 10277793 | ||
| 003 | ARRUPE | ||
| 005 | 20190109115051.0 | ||
| 008 | 750512s1956 enka 000 0 eng | ||
| 010 | _a 57000212 | ||
| 015 | _aGB56-9006 | ||
| 035 | _a(OCoLC)1326841 | ||
| 040 |
_aDLC _cFO _dOCoLC _dUk _dDLC |
||
| 042 | _apremarc | ||
| 050 | 0 | 0 |
_aSPC. CC165 _b.C5 |
| 082 | _a913 | ||
| 100 | 1 |
_aChilde, V. Gordon _q(Vere Gordon), _d1892-1957. _943914 |
|
| 245 | 0 | 2 |
_aA short introduction to archaeology. _cV. Gordon Chide |
| 260 |
_aNew York _bCollier Books _c1962 |
||
| 300 |
_a127 p. _billus. _c18 cm. |
||
| 490 | 0 | _aMan and society series | |
| 906 |
_a7 _bcbc _coclcrpl _du _encip _f19 _gy-gencatlg |
||
| 942 |
_2lcc _cSPC |
||